000 00611nam a2200205 i 4500
001 104691
003 ES-MaACL
005 20250907063059.0
007 t|
008 051207s1932 sp ||||1| spa d
100 1 _aMira y López, Emilio,
_d1896-1964
_981461
245 1 0 _aManual de Psicología jurídica /
_cpor el Dr. Emilio Mira y López.
250 _a1ª ed.
260 _aBarcelona :
_bSalvat,
_c1932.
300 _a270 p., 4 lám. :
_bil. ;
_c20 cm.
650 0 7 _aPsicología legal
_2embne
_916568
852 _aES-MaACL
_jA-1649
852 _aES-MaACL
_jA-1039
999 _c104691
_d104691